[Event "I Taça Litoral"]
[Site "S Martinho Porto POR"]
[Date "2018.09.16"]
[Round "1.1"]
[White "Sperber, Ulrich"]
[Black "Ikkonikov, Vyacheslav"]
[Result "0-1"]
[WhiteElo "1838"]
[BlackElo "2551"]
[WhiteFideId "24697125"]
[BlackFideId "4100972"]
[BlackTitle "GM"]
[WhiteCountry "GER"]
[BlackCountry "RUS"]
[PlyCount "66"]


1. e4 c5 2. d4 cxd4 3. c3 d3 4. Bxd3 Nc6 5. c4 g6 6. Nc3 Bg7 7. Be3 Nf6 8. Rc1
d6 9. h3 Nd7 10. f4 Nc5 11. Bb1 O-O 12. Nf3 a5 13. Bxc5 dxc5 14. Qxd8 Rxd8 15.
O-O Bh6 16. Nd5 e6 17. Nb6 Ra6 18. Nxc8 Rxc8 19. Ng5 Rb6 20. Rf2 Bxg5 21. fxg5
Rd8 22. b3 Ne5 23. Rcf1 a4 24. Bc2 a3 25. Bb1 Rbd6 26. Bc2 Rd4 27. Bb1 Kf8 28.
Rf4 Ke7 29. Rh4 Rd1 30. Rhf4 Rxf1+ 31. Rxf1 Nc6 32. Kf2 Rd2+ 33. Kg3 Nb4 0-1

[Event "I Taça Litoral"]
[Site "S Martinho Porto POR"]
[Date "2018.09.16"]
[Round "1.2"]
[White "Grigore, George-Gabriel"]
[Black "Pais, Bruno"]
[Result "1-0"]
[WhiteElo "2486"]
[BlackElo "1817"]
[WhiteFideId "1200186"]
[BlackFideId "1911341"]
[WhiteTitle "GM"]
[WhiteCountry "ROU"]
[BlackCountry "POR"]
[PlyCount "31"]


1. d4 Nf6 2. c4 g6 3. Nc3 d5 4. Bf4 Bg7 5. e3 O-O 6. Rc1 c6 7. Nf3 Nbd7 8. cxd5
Nxd5 9. Nxd5 cxd5 10. Bc7 Qe8 11. Bb5 a6 12. Qa4 Rb8 13. Bxb8 axb5 14. Qa7 Nxb8
15. Qxb8 Qd8 16. O-O 1-0

[Event "I Taça Litoral"]
[Site "S Martinho Porto POR"]
[Date "2018.09.16"]
[Round "1.3"]
[White "Simões, Miguel"]
[Black "Sharma, Dinesh K"]
[Result "0-1"]
[WhiteElo "1805"]
[BlackElo "2276"]
[WhiteFideId "1946307"]
[BlackFideId "5004110"]
[BlackTitle "IM"]
[WhiteCountry "POR"]
[BlackCountry "IND"]
[PlyCount "122"]


1. e4 e6 2. d4 d5 3. Nd2 a6 4. Ngf3 Nf6 5. e5 Nfd7 6. Bd3 c5 7. c3 Nc6 8. O-O g5
9. Bb1 g4 10. Ne1 cxd4 11. cxd4 Nxd4 12. Qxg4 Qb6 13. Nd3 h5 14. Qd1 Nc5 15.
Nxc5 Qxc5 16. Nb3 Nxb3 17. Qxb3 Qb4 18. Qxb4 Bxb4 19. Be3 Bd7 20. Bd3 Rg8 21.
Bd4 Rc8 22. f4 h4 23. Kh1 Bc5 24. Bxc5 Rxc5 25. Rf2 Ke7 26. Raf1 f6 27. exf6+
Kxf6 28. Re2 Rgc8 29. Rfe1 Rc1 30. Kg1 Rxe1+ 31. Rxe1 Bb5 32. Bxb5 axb5 33. Kf2
b4 34. Re2 Ra8 35. b3 Rc8 36. Kf3 Kf5 37. Re5+ Kf6 38. Re2 Kf5 39. Re5+ Kf6 40.
Re2 Rc3+ 41. Kg4 d4 42. Re4 Rd3 43. Kxh4 Kf5 44. Re5+ Kxf4 45. Rxe6 Rd2 46. Rf6+
Ke5 47. Rg6 Rf2 48. Kg3 Rf7 49. Rg8 d3 50. Rd8 Ke4 51. Re8+ Kd4 52. h4 d2 53.
Rd8+ Ke3 54. Re8+ Kd3 55. Rd8+ Ke2 56. Re8+ Kd1 57. Rd8 Rc7 58. Kf4 Rf7+ 59. Ke5
Rg7 60. Rd4 Rxg2 61. h5 Ke1 0-1

[Event "I Taça Litoral"]
[Site "S Martinho Porto POR"]
[Date "2018.09.16"]
[Round "1.4"]
[White "Pitschka, Claus"]
[Black "Hielscher, Ursula"]
[Result "1/2-1/2"]
[WhiteElo "2262"]
[BlackElo "1771"]
[WhiteFideId "4617762"]
[BlackFideId "4658965"]
[WhiteTitle "FM"]
[WhiteCountry "GER"]
[BlackCountry "GER"]
[PlyCount "95"]


1. d4 d5 2. c4 c6 3. cxd5 cxd5 4. Nc3 Nf6 5. f3 Nc6 6. e4 dxe4 7. d5 Ne5 8. fxe4
e6 9. Bf4 Ng6 10. Bg3 exd5 11. exd5 Bc5 12. Bb5+ Bd7 13. Qe2+ Qe7 14. O-O-O Qxe2
15. Ngxe2 O-O 16. Bxd7 Nxd7 17. Ne4 Rfe8 18. N2c3 Rac8 19. Kb1 Nge5 20. Rhe1 Bb4
21. a3 Bxc3 22. Nxc3 Nc4 23. Ne4 f5 24. Ng5 Ne3 25. Rd2 Nf6 26. d6 Nc4 27. Rde2
Rxe2 28. Rxe2 h6 29. Nf3 Ne4 30. Nd4 Nexd6 31. Bxd6 Nxd6 32. Re7 Re8 33. Rd7
Re1+ 34. Ka2 Ne4 35. Nxf5 Re2 36. Rxg7+ Kf8 37. Rxb7 Rxg2 38. h4 Nc3+ 39. Kb3
Nd1 40. Rxa7 Rxb2+ 41. Kc4 Rf2 42. Ra5 Ke8 43. h5 Rxf5 44. Rxf5 Ne3+ 45. Kd4
Nxf5+ 46. Ke5 Ng3 47. Kf6 Nxh5+ 48. Kg6 1/2-1/2

[Event "I Taça Litoral"]
[Site "S Martinho Porto POR"]
[Date "2018.09.16"]
[Round "1.5"]
[White "Heil, Rudolf"]
[Black "Fernandes, Ricardo Paulos"]
[Result "0-1"]
[WhiteElo "1737"]
[BlackElo "2160"]
[WhiteFideId "1271132"]
[BlackFideId "1943464"]
[WhiteCountry "GER"]
[BlackCountry "POR"]
[PlyCount "28"]


1. c4 Nf6 2. g3 g6 3. Bg2 Bg7 4. e3 O-O 5. Ne2 d6 6. O-O Nbd7 7. Nbc3 c6 8. d3
e5 9. e4 a5 10. f4 Ng4 11. Rf3 Qb6+ 12. d4 exd4 13. Na4 Qa7 14. Qd3 b5 0-1

[Event "I Taça Litoral"]
[Site "S Martinho Porto POR"]
[Date "2018.09.16"]
[Round "1.6"]
[White "Grüttner, Ralf"]
[Black "Selkirk, Rebecca"]
[Result "1-0"]
[WhiteElo "2133"]
[BlackElo "1733"]
[WhiteFideId "4638158"]
[BlackFideId "14306514"]
[WhiteCountry "GER"]
[BlackCountry "RSA"]
[PlyCount "43"]


1. d4 d5 2. c4 c6 3. cxd5 cxd5 4. Nc3 Nc6 5. e4 e6 6. e5 Nge7 7. Nf3 a6 8. Bd3
g6 9. O-O Bg7 10. Be3 O-O 11. Rc1 f6 12. exf6 Bxf6 13. Bb1 Bg7 14. Re1 Nf5 15.
Bxf5 exf5 16. Bf4 b6 17. Qb3 Bb7 18. Nxd5 Nxd4 19. Ne7+ Kh8 20. Nxd4 Qxd4 21.
Qh3 Qf6 22. Rc7 1-0

[Event "I Taça Litoral"]
[Site "S Martinho Porto POR"]
[Date "2018.09.16"]
[Round "1.7"]
[White "Schleime, Franz-Joseph"]
[Black "Lochte, Thomas"]
[Result "0-1"]
[WhiteElo "1696"]
[BlackElo "2071"]
[WhiteFideId "24641740"]
[BlackFideId "4606272"]
[WhiteCountry "GER"]
[BlackCountry "GER"]
[PlyCount "54"]


1. d4 Nf6 2. Nf3 e6 3. e3 d5 4. Bd3 Nbd7 5. O-O Bd6 6. Nbd2 c5 7. b3 cxd4 8.
exd4 b6 9. Bb2 Bb7 10. Qe2 O-O 11. Ne5 Rc8 12. f4 g6 13. Rf3 Qe7 14. Rh3 Rfe8
15. g4 Bb4 16. g5 Nh5 17. Rf1 Nxe5 18. dxe5 Nxf4 19. Rxf4 Qxg5+ 20. Rg4 Qxd2 21.
Qf1 Bc5+ 22. Bd4 Bxd4+ 23. Rxd4 Rxc2 24. Bxc2 Qxd4+ 25. Kh1 Qxe5 26. Rxh7 d4+
27. Kg1 Qe3+ 0-1

[Event "I Taça Litoral"]
[Site "S Martinho Porto POR"]
[Date "2018.09.16"]
[Round "1.8"]
[White "Amato, Giampiero"]
[Black "Nielsen, Jørgen"]
[Result "1-0"]
[WhiteElo "2031"]
[BlackElo "1670"]
[WhiteFideId "813303"]
[BlackFideId "1413279"]
[WhiteCountry "ITA"]
[BlackCountry "DEN"]
[PlyCount "55"]


1. d4 Nf6 2. Bg5 c5 3. Bxf6 gxf6 4. d5 Qb6 5. Qc1 e5 6. Nc3 Bh6 7. e3 Na6 8. Nf3
Rg8 9. Nd2 d6 10. Nce4 Qd8 11. Bb5+ Bd7 12. Bxd7+ Kxd7 13. Nc4 Bf8 14. Qd2 f5
15. Ng3 f4 16. exf4 Bh6 17. Qd3 e4 18. Qb3 Kc8 19. O-O-O Bxf4+ 20. Kb1 Bxg3 21.
hxg3 Rb8 22. Rh6 f6 23. Rxh7 b5 24. Qa3 Nc7 25. Na5 b4 26. Qa4 Nb5 27. Nc6 Qe8
28. Qa6+ 1-0

[Event "I Taça Litoral"]
[Site "S Martinho Porto POR"]
[Date "2018.09.16"]
[Round "1.9"]
[White "Basílio, Rodrigo"]
[Black "Bous, Florian"]
[Result "1/2-1/2"]
[WhiteElo "1669"]
[BlackElo "2019"]
[WhiteFideId "1941380"]
[BlackFideId "4660412"]
[WhiteCountry "POR"]
[BlackCountry "GER"]
[PlyCount "108"]


1. e4 c5 2. Nf3 d6 3. d4 cxd4 4. Nxd4 Nf6 5. Nc3 a6 6. f3 e6 7. Be3 b5 8. Be2
Bb7 9. Qd2 Nbd7 10. Rd1 b4 11. Nb1 d5 12. exd5 Nxd5 13. Bf2 Be7 14. O-O O-O 15.
f4 Rc8 16. Bf3 N7b6 17. b3 Qc7 18. f5 e5 19. Ne2 Qxc2 20. Bxb6 e4 21. Qxc2 Rxc2
22. Bxe4 Rxe2 23. Bxd5 Bxd5 24. Rxd5 Rc8 25. Rd2 Rc2 26. Rfd1 g6 27. fxg6 hxg6
28. Rxe2 Rxe2 29. Nd2 Bg5 30. Nc4 Rxa2 31. Ba5 Be7 32. Bb6 Bg5 33. Be3 Bh4 34.
g3 Be7 35. Rd2 Ra1+ 36. Kg2 Rb1 37. Rb2 Rd1 38. Kf2 Rh1 39. Kf3 Bf6 40. Ra2 Bc3
41. Rxa6 Rxh2 42. Ra8+ Kg7 43. Rd8 Rc2 44. Kg4 f5+ 45. Kh3 Kf7 46. Bd2 Ke7 47.
Rd3 Bxd2 48. Nxd2 g5 49. Rd4 Kf6 50. Kg2 Ke5 51. Rd8 g4 52. Kf2 f4 53. Re8+ Kd5
54. Rd8+ Ke5 1/2-1/2

[Event "I Taça Litoral"]
[Site "S Martinho Porto POR"]
[Date "2018.09.16"]
[Round "1.10"]
[White "Sismeiro, Miguel"]
[Black "Müller, Dieter"]
[Result "1-0"]
[WhiteElo "2014"]
[BlackElo "1632"]
[WhiteFideId "1950975"]
[BlackFideId "24699640"]
[WhiteCountry "POR"]
[BlackCountry "GER"]
[PlyCount "101"]


1. e4 d6 2. d4 Nf6 3. Nc3 g6 4. f3 Bg7 5. Be3 O-O 6. Qd2 c6 7. g4 b5 8. h4 h5 9.
g5 Nfd7 10. Bd3 Na6 11. Nge2 Nc7 12. O-O a5 13. f4 e5 14. dxe5 dxe5 15. f5 f6
16. Ng3 Kh7 17. Qd1 Qe8 18. fxg6+ Qxg6 19. Qxh5+ Qxh5 20. Nxh5 Ne8 21. Ne2 Rg8
22. Neg3 Bh8 23. a4 Ba6 24. axb5 Bxb5 25. Bxb5 cxb5 26. Rad1 Nf8 27. Kh2 Kg6 28.
Nxf6 Bxf6 29. gxf6 Kf7 30. Bg5 Ra7 31. Rd5 Nd7 32. Nf5 Ke6 33. Ne7 Rh8 34. Ng6
Rh7 35. f7 Rxf7 36. Rxf7 Kxf7 37. Rxd7+ Rxd7 38. Nxe5+ Ke6 39. Nxd7 Kxd7 40. h5
Nd6 41. h6 Nf7 42. h7 Ke6 43. Bd2 b4 44. c3 Kf6 45. cxb4 axb4 46. Bxb4 Kg6 47.
Kg3 Kxh7 48. Kf4 Kg6 49. Be7 Nh6 50. b4 Ng8 51. Bg5 1-0

[Event "I Taça Litoral"]
[Site "S Martinho Porto POR"]
[Date "2018.09.16"]
[Round "1.11"]
[White "Dias, José"]
[Black "Schmitz, Andreas"]
[Result "0-1"]
[WhiteElo "1622"]
[BlackElo "2008"]
[WhiteFideId "1923943"]
[BlackFideId "4609875"]
[BlackTitle "CM"]
[WhiteCountry "POR"]
[BlackCountry "GER"]
[PlyCount "156"]


1. b4 e5 2. Bb2 Bxb4 3. Bxe5 Nf6 4. e3 Nc6 5. Bb2 d5 6. Nf3 O-O 7. c4 Be6 8.
cxd5 Bxd5 9. Be2 Qe7 10. O-O Rfd8 11. a3 Ba5 12. Nc3 Bxf3 13. Bxf3 Ne5 14. d4 c5
15. Be2 cxd4 16. exd4 Nc6 17. Na4 Nxd4 18. Bxd4 Qe4 19. Nc5 Qxd4 20. Qxd4 Rxd4
21. Nxb7 Bb6 22. a4 Rd2 23. Bf3 Rc8 24. a5 Bd4 25. Rad1 Rcc2 26. Rxd2 Rxd2 27.
g3 g5 28. h3 Nd7 29. Be4 Ne5 30. Kg2 Nc4 31. Kf3 h5 32. g4 Ne5+ 33. Kg3 h4+ 34.
Kg2 Kg7 35. a6 Bb6 36. Bb1 Kf6 37. Bf5 Ke7 38. Kg1 Ra2 39. Bb1 Rxa6 40. Kg2 Ra3
41. Re1 f6 42. Re2 Ra4 43. Bf5 Rd4 44. Rc2 Rc4 45. Rd2 Bc7 46. Ra2 Nc6 47. Rd2
Nd4 48. Bd3 Rc3 49. Be4 Rc4 50. Bd5 Rb4 51. Nc5 Bb6 52. Nd3 Rb1 53. Be4 Kd6 54.
Nb2 Rc1 55. Nd3 Rc4 56. f4 Rc2 57. Rxc2 Nxc2 58. fxg5 fxg5 59. Bb7 a5 60. Nb2
Bd8 61. Na4 Nd4 62. Be4 Ne2 63. Bf3 Nf4+ 64. Kh2 Bf6 65. Be4 Bd4 66. Bf5 Kd5 67.
Bd7 Kc4 68. Bc6 Kb3 69. Bd7 Bf2 70. Bc6 Bg3+ 71. Kh1 Nxh3 72. Nc5+ Kb4 73. Ne4
Nf2+ 74. Nxf2 Bxf2 75. Kg2 Bb6 76. Kf1 a4 77. Ke1 a3 78. Kd1 a2 0-1

[Event "I Taça Litoral"]
[Site "S Martinho Porto POR"]
[Date "2018.09.16"]
[Round "1.12"]
[White "Osianu, Tudor"]
[Black "Oliveira, Tomás"]
[Result "1-0"]
[WhiteElo "1978"]
[BlackElo "1596"]
[WhiteFideId "1212486"]
[BlackFideId "1929216"]
[WhiteCountry "ROU"]
[BlackCountry "POR"]
[PlyCount "71"]


1. Nf3 e6 2. g3 d5 3. Bg2 f5 4. d3 Nf6 5. c3 Bd6 6. Nbd2 O-O 7. Qc2 c6 8. e4
fxe4 9. dxe4 Bc7 10. O-O Nbd7 11. Bh3 Nc5 12. e5 Nfe4 13. b4 Nxd2 14. Nxd2 Na6
15. f4 Bb6+ 16. Kh1 Nc7 17. Nf3 Qe8 18. a4 a6 19. Ba3 Qh5 20. Ng5 Re8 21. Bg4
Qh6 22. Bc1 g6 23. a5 Ba7 24. f5 gxf5 25. Ne4 Qg7 26. Nf6+ Kh8 27. Nxe8 Nxe8 28.
Bh5 Bd7 29. Bf4 c5 30. h4 Nc7 31. Rae1 c4 32. Bg5 Kg8 33. Qd2 Be8 34. Bf6 Qf8
35. Qg5+ Bg6 36. Bxg6 1-0

[Event "I Taça Litoral"]
[Site "S Martinho Porto POR"]
[Date "2018.09.16"]
[Round "1.13"]
[White "Oliveira, Fernando Alves"]
[Black "Krüger, Till"]
[Result "0-1"]
[WhiteElo "1586"]
[BlackElo "1948"]
[WhiteFideId "1947869"]
[BlackFideId "24647705"]
[WhiteCountry "POR"]
[BlackCountry "GER"]
[PlyCount "58"]


1. d4 d6 2. Bf4 Nf6 3. e3 g6 4. h3 Bg7 5. Be2 O-O 6. Nf3 c5 7. c3 Qb6 8. Qb3 Nc6
9. Nbd2 Re8 10. O-O Be6 11. Qc2 cxd4 12. Nxd4 Nxd4 13. exd4 Rac8 14. Nb3 a5 15.
Be3 Nd5 16. Qd2 a4 17. Nc1 a3 18. Rb1 Nxc3 19. bxc3 Qxb1 20. Nd3 Qxa2 21. Nb4
Qxd2 22. Bxd2 Ra8 23. Bf3 a2 24. Ra1 Ra3 25. Bxb7 Rb8 26. Nc2 Rb3 27. Be4 Rb1+
28. Kh2 Rxa1 29. Nxa1 Rb1 0-1

[Event "I Taça Litoral"]
[Site "S Martinho Porto POR"]
[Date "2018.09.16"]
[Round "1.14"]
[White "Haase, Georg"]
[Black "Oster, Jean-Marie"]
[Result "1-0"]
[WhiteElo "1946"]
[BlackElo "1479"]
[WhiteFideId "12998265"]
[BlackFideId "638013"]
[WhiteCountry "GER"]
[BlackCountry "FRA"]
[PlyCount "115"]


1. e4 c5 2. c3 e6 3. d4 d5 4. e5 Nc6 5. Nf3 cxd4 6. cxd4 Nge7 7. Nc3 Bd7 8. a3
h6 9. Bd3 Rc8 10. O-O Na5 11. Bd2 Nc4 12. b3 Nxd2 13. Qxd2 Nc6 14. b4 Be7 15.
Rac1 O-O 16. g3 f6 17. Rfe1 fxe5 18. Nxe5 Nxe5 19. dxe5 b5 20. Ne2 Rf3 21. Rxc8
Bxc8 22. Nd4 Rf7 23. Qc2 g6 24. Rc1 Bd7 25. f4 g5 26. f5 exf5 27. e6 Bxe6 28.
Nxe6 Qb6+ 29. Nc5 a5 30. Bxf5 Kg7 31. Kg2 axb4 32. axb4 Qf6 33. g4 h5 34. h3 h4
35. Qd2 Qe5 36. Qd4 Bf6 37. Qxe5 Bxe5 38. Be6 Rf4 39. Nd3 Re4 40. Bf5 Re3 41.
Nxe5 Rxe5 42. Rc5 Re2+ 43. Kf3 Rh2 44. Rxd5 Rxh3+ 45. Kf2 Rh2+ 46. Kg1 Rb2 47.
Rxb5 h3 48. Rb7+ Kf6 49. Rh7 Rxb4 50. Rxh3 Ke5 51. Rf3 Rf4 52. Rxf4 Kxf4 53. Kf2
Ke5 54. Ke3 Kd5 55. Bc8 Ke5 56. Bb7 Ke6 57. Ke4 Kf6 58. Kd5 1-0

[Event "I Taça Litoral"]
[Site "S Martinho Porto POR"]
[Date "2018.09.16"]
[Round "1.15"]
[White "Coimbra, João"]
[Black "Lopez De Turiso, José Angel"]
[Result "0-1"]
[WhiteElo "1429"]
[BlackElo "1942"]
[WhiteFideId "1901435"]
[BlackFideId "2207680"]
[WhiteCountry "POR"]
[BlackCountry "ESP"]
[PlyCount "70"]


1. c3 f5 2. d3 Nf6 3. h3 e5 4. Bg5 Nc6 5. e3 Be7 6. Bxf6 Bxf6 7. Nd2 d5 8. Ne2
Be6 9. d4 Qd6 10. Nb3 O-O 11. dxe5 Bxe5 12. f4 Bf6 13. g3 Rfe8 14. Nbd4 a6 15.
Nc2 Ne7 16. Bg2 Rad8 17. Qd2 c5 18. Kf2 Bd7 19. Rhe1 Bb5 20. Ng1 a5 21. Rad1 Qe6
22. Nf3 Bc6 23. Qc1 Nc8 24. Rd3 Nd6 25. Kg1 Ne4 26. Kh2 Qf7 27. Ng1 Qg6 28. Bxe4
Rxe4 29. Rd2 Re7 30. Rf2 Qe8 31. Qd2 d4 32. exd4 cxd4 33. cxd4 Rxe1 34. Nxe1
Bxd4 35. Re2 Bxg1+ 0-1

[Event "I Taça Litoral"]
[Site "S Martinho Porto POR"]
[Date "2018.09.16"]
[Round "1.16"]
[White "February, Jesse"]
[Black "Fonseca, René Gil"]
[Result "1-0"]
[WhiteElo "1933"]
[BlackElo "1392"]
[WhiteFideId "14312336"]
[BlackFideId "1957767"]
[WhiteTitle "WIM"]
[WhiteCountry "RSA"]
[BlackCountry "POR"]
[PlyCount "55"]


1. e4 e6 2. d4 d5 3. Nd2 Nf6 4. e5 Nfd7 5. Bd3 c5 6. c3 Nc6 7. Ne2 Be7 8. Nf3
cxd4 9. cxd4 Bb4+ 10. Bd2 Qa5 11. O-O Qd8 12. Rc1 a6 13. Bxb4 Nxb4 14. Bb1 O-O
15. Nf4 Re8 16. a3 Nc6 17. Qd3 f5 18. exf6 Nxf6 19. Rfe1 Qe7 20. Ng5 Ne4 21.
Nxe4 dxe4 22. Qxe4 g6 23. Ba2 Nd8 24. d5 Kh8 25. Rc3 Bd7 26. Rh3 Kg7 27. Qe5+
Qf6 28. Rxh7+ 1-0

[Event "I Taça Litoral"]
[Site "S Martinho Porto POR"]
[Date "2018.09.16"]
[Round "1.17"]
[White "Martins, Domingos"]
[Black "Schmitz, Manuela"]
[Result "0-1"]
[WhiteElo "1339"]
[BlackElo "1931"]
[WhiteFideId "1947389"]
[BlackFideId "4626001"]
[BlackTitle "WFM"]
[WhiteCountry "POR"]
[BlackCountry "GER"]
[PlyCount "54"]


1. d4 d5 2. Nf3 Nf6 3. Bf4 c5 4. c3 Qb6 5. Qc1 Bf5 6. e3 e6 7. Nh4 Bg6 8. Nxg6
hxg6 9. h3 Nbd7 10. Nd2 Bd6 11. Bxd6 Qxd6 12. Nf3 Ne4 13. a3 c4 14. Be2 g5 15.
Qc2 g4 16. Ne5 Nxe5 17. dxe5 Qxe5 18. Qa4+ Kf8 19. Bxg4 Kg8 20. O-O Nf6 21. Bf3
g5 22. Qd1 Rh4 23. Be2 Kg7 24. f4 Qxe3+ 25. Kh1 Rxh3+ 26. gxh3 Qxh3+ 27. Kg1
Qg3+ 0-1

[Event "I Taça Litoral"]
[Site "S Martinho Porto POR"]
[Date "2018.09.16"]
[Round "1.18"]
[White "Castanheira, António"]
[Black "Dong, Rafael"]
[Result "1-0"]
[WhiteElo "1905"]
[BlackElo "1303"]
[WhiteFideId "1901788"]
[BlackFideId "1958038"]
[WhiteCountry "POR"]
[BlackCountry "POR"]
[PlyCount "121"]


1. d4 Nf6 2. c4 e6 3. Nf3 b6 4. Nc3 Bb4 5. e3 Bb7 6. Be2 O-O 7. O-O d5 8. Bd2
Nbd7 9. Rc1 c6 10. cxd5 cxd5 11. Qa4 Be7 12. Rc2 a6 13. Rfc1 b5 14. Qb3 Rc8 15.
Na4 Rxc2 16. Rxc2 Ne4 17. Be1 Qb8 18. Nc3 Nxc3 19. Rxc3 Rc8 20. Qc2 Nb6 21. b3
Rxc3 22. Qxc3 Qc8 23. Qxc8+ Nxc8 24. Ne5 Nd6 25. Nd7 Ne4 26. f3 Nf6 27. Nc5 Bc8
28. a4 Nd7 29. b4 Nxc5 30. bxc5 bxa4 31. Bc3 Bb7 32. Kf1 Bd8 33. Ke1 Kf8 34. Kd2
Ke7 35. Kc2 Kd7 36. Kb2 Bc7 37. g3 g6 38. Ka3 Bc6 39. Bxa6 Bb8 40. Bd3 Bc7 41.
Bc2 Bb5 42. Bxa4 Bxa4 43. Kxa4 Kc6 44. Ba5 Bb8 45. f4 Ba7 46. Kb4 f5 47. Bd8 Bb8
48. Ka5 Ba7 49. Ka6 Bb8 50. Bf6 Bc7 51. h3 h6 52. h4 h5 53. Be5 Bd8 54. Bb8 Be7
55. Ba7 Bd8 56. Bb6 Be7 57. Ka7 Bf6 58. Kb8 Be7 59. Kc8 Bf6 60. Bd8 Bg7 61. Be7
1-0

[Event "I Taça Litoral"]
[Site "S Martinho Porto POR"]
[Date "2018.09.16"]
[Round "1.19"]
[White "Dong, Fábio"]
[Black "Hart, Alexander"]
[Result "0-1"]
[WhiteElo "1289"]
[BlackElo "1901"]
[WhiteFideId "1958020"]
[BlackFideId "1735829"]
[WhiteCountry "POR"]
[BlackCountry "SWE"]
[PlyCount "50"]


1. c4 c6 2. Nc3 d5 3. g3 d4 4. Ne4 f5 5. Nc5 e5 6. Nb3 a5 7. d3 a4 8. Nd2 Nf6 9.
Bg2 Bb4 10. a3 Ba5 11. Rb1 e4 12. Kf1 O-O 13. dxe4 Bxd2 14. Bxd2 fxe4 15. Bb4
Rf7 16. Bc5 d3 17. Qd2 Bg4 18. h3 Bh5 19. g4 Bg6 20. Rd1 Rd7 21. exd3 Rxd3 22.
Qxd3 exd3 23. Nf3 Na6 24. Be3 Qc7 25. Ne1 Rd8 0-1

[Event "I Taça Litoral"]
[Site "S Martinho Porto POR"]
[Date "2018.09.16"]
[Round "1.20"]
[White "Vonach, Bernard"]
[Black "Ferreira, Cristina"]
[Result "1-0"]
[WhiteElo "1894"]
[BlackElo "1134"]
[WhiteFideId "4680243"]
[BlackFideId "1963082"]
[WhiteCountry "GER"]
[BlackCountry "POR"]
[PlyCount "33"]


1. Nf3 d5 2. b3 Nf6 3. Bb2 Nbd7 4. e3 e6 5. h3 Bd6 6. d4 O-O 7. Nbd2 b6 8. Bd3
Bb7 9. O-O c6 10. Ne5 Qc7 11. f4 c5 12. g4 Ne4 13. Rc1 Ndf6 14. g5 Nxd2 15. gxf6
Nxf1 16. Qh5 Ng3 17. Qxh7# 1-0

[Event "I Taça Litoral"]
[Site "S Martinho Porto POR"]
[Date "2018.09.16"]
[Round "1.21"]
[White "Fernandes, Martim Bernardo"]
[Black "Morais, Vítor"]
[Result "0-1"]
[WhiteElo "1092"]
[BlackElo "1893"]
[WhiteFideId "1960547"]
[BlackFideId "1900552"]
[BlackTitle "NM"]
[WhiteCountry "POR"]
[BlackCountry "POR"]
[PlyCount "42"]


1. e4 c5 2. Nf3 a6 3. d4 cxd4 4. Nxd4 Nf6 5. Nc3 e5 6. Nf3 Bb4 7. Bd2 O-O 8. Bd3
d5 9. Nxe5 Re8 10. Nf3 dxe4 11. Nxe4 Nxe4 12. Bxb4 Nc3+ 13. Be2 Nxd1 14. Rxd1
Qb6 15. Bc3 Bg4 16. Ne5 Bxe2 17. Kxe2 Nc6 18. Rd5 f6 19. Rhd1 fxe5 20. Rd7 Nd4+
21. Bxd4 exd4+ 0-1

[Event "I Taça Litoral"]
[Site "S Martinho Porto POR"]
[Date "2018.09.16"]
[Round "2.1"]
[White "Ikkonikov, Vyacheslav"]
[Black "Haase, Georg"]
[Result "1-0"]
[WhiteElo "2551"]
[BlackElo "1946"]
[WhiteFideId "4100972"]
[BlackFideId "12998265"]
[WhiteTitle "GM"]
[WhiteCountry "RUS"]
[BlackCountry "GER"]
[PlyCount "47"]


1. d4 Nf6 2. Nf3 b6 3. c4 e6 4. g3 Bb7 5. Bg2 Be7 6. O-O O-O 7. Re1 d6 8. Nc3
Nbd7 9. e4 e5 10. Qc2 c5 11. d5 h6 12. Nh4 Nh7 13. Nf5 Bc8 14. f4 Bf6 15. Nxd6
Qc7 16. Nf5 h5 17. d6 Qd8 18. Nd5 Bb7 19. Bd2 Bxd5 20. exd5 g6 21. Ne7+ Bxe7 22.
dxe7 Qxe7 23. Bc3 Qd6 24. fxe5 1-0

[Event "I Taça Litoral"]
[Site "S Martinho Porto POR"]
[Date "2018.09.16"]
[Round "2.2"]
[White "Krüger, Till"]
[Black "Grigore, George-Gabriel"]
[Result "0-1"]
[WhiteElo "1948"]
[BlackElo "2486"]
[WhiteFideId "24647705"]
[BlackFideId "1200186"]
[BlackTitle "GM"]
[WhiteCountry "GER"]
[BlackCountry "ROU"]
[PlyCount "74"]


1. e4 d5 2. exd5 Qxd5 3. Nc3 Qd6 4. d4 Nf6 5. h3 g6 6. Nf3 Bg7 7. Bd3 O-O 8. O-O
a6 9. Ne2 c5 10. c3 cxd4 11. Nfxd4 Rd8 12. f4 e6 13. Ng3 Nc6 14. Nge2 b5 15.
Nxc6 Qxc6 16. Nd4 Qc7 17. Qe2 b4 18. Bd2 bxc3 19. bxc3 Nd5 20. Rac1 Bb7 21. Kh1
Re8 22. Qf2 Rad8 23. Be4 Nb6 24. Bxb7 Qxb7 25. Rb1 Qc7 26. Qf3 Nc4 27. Bc1 Qc5
28. Nb3 Qf5 29. Bb2 e5 30. fxe5 Qxf3 31. gxf3 Rxe5 32. Rf2 Rh5 33. Kh2 Be5+ 34.
f4 Rd3 35. Bc1 Bxc3 36. Rc2 Rdxh3+ 37. Kg1 Rh1+ 0-1

[Event "I Taça Litoral"]
[Site "S Martinho Porto POR"]
[Date "2018.09.16"]
[Round "2.3"]
[White "Sharma, Dinesh K"]
[Black "February, Jesse"]
[Result "1-0"]
[WhiteElo "2276"]
[BlackElo "1933"]
[WhiteFideId "5004110"]
[BlackFideId "14312336"]
[WhiteTitle "IM"]
[BlackTitle "WIM"]
[WhiteCountry "IND"]
[BlackCountry "RSA"]
[PlyCount "29"]


1. e4 e6 2. d4 d5 3. Nc3 Nf6 4. e5 Nfd7 5. Qg4 c5 6. dxc5 Nxe5 7. Qg3 Ng6 8. Nb5
e5 9. h4 h5 10. Bd3 Nc6 11. Bg5 Qa5+ 12. Bd2 Nb4 13. Bxg6 Qxb5 14. Qxe5+ Be6 15.
Qxe6+ 1-0

[Event "I Taça Litoral"]
[Site "S Martinho Porto POR"]
[Date "2018.09.16"]
[Round "2.4"]
[White "Fernandes, Ricardo Paulos"]
[Black "Castanheira, António"]
[Result "1-0"]
[WhiteElo "2160"]
[BlackElo "1905"]
[WhiteFideId "1943464"]
[BlackFideId "1901788"]
[WhiteCountry "POR"]
[BlackCountry "POR"]
[PlyCount "141"]


1. b3 d5 2. Bb2 Bf5 3. e3 e6 4. Nf3 Nf6 5. Be2 Bd6 6. d3 O-O 7. O-O Nbd7 8. Nh4
Bg6 9. Nxg6 hxg6 10. Nc3 c6 11. e4 Qc7 12. g3 a6 13. Kh1 e5 14. Bf3 dxe4 15.
Nxe4 Nxe4 16. Bxe4 Nf6 17. Bg2 Rad8 18. Qe2 Rfe8 19. Rae1 Nd7 20. Qg4 Be7 21.
Qe4 Bf6 22. Re2 Qa5 23. a3 Qc7 24. Rfe1 Qd6 25. Qc4 Re7 26. Bc3 Rde8 27. Qg4 e4
28. d4 Bxd4 29. Rd2 c5 30. Qd1 e3 31. fxe3 Rxe3 32. Rxe3 Rxe3 33. Bxd4 cxd4 34.
Rxd4 Qe6 35. Bf1 Nf6 36. Rf4 g5 37. Qd8+ Qe8 38. Qxe8+ Rxe8 39. Rb4 b5 40. a4
Nd5 41. Rd4 Ne3 42. Bd3 Rc8 43. axb5 axb5 44. c4 bxc4 45. bxc4 g6 46. g4 Nd1 47.
Kg2 Nb2 48. Be2 Na4 49. Kf3 Nc5 50. Rd5 Ne6 51. Bf1 Kf8 52. Ke4 Ke7 53. Ra5 Rc7
54. Kd5 Nf4+ 55. Ke5 Ne6 56. h3 Nc5 57. Kd5 Nd7 58. c5 Nf8 59. c6 Ne6 60. Ra6
Nd8 61. Kc5 Ne6+ 62. Kb6 Kd6 63. Bg2 Nf4 64. Bh1 Ne6 65. Ra1 Re7 66. Rd1+ Ke5
67. Bd5 Nc7 68. Bc4 Kf6 69. Rf1+ Kg7 70. Rxf7+ Rxf7 71. Bxf7 1-0

[Event "I Taça Litoral"]
[Site "S Martinho Porto POR"]
[Date "2018.09.16"]
[Round "2.5"]
[White "Lopez De Turiso, José Angel"]
[Black "Grüttner, Ralf"]
[Result "1/2-1/2"]
[WhiteElo "1942"]
[BlackElo "2133"]
[WhiteFideId "2207680"]
[BlackFideId "4638158"]
[WhiteCountry "ESP"]
[BlackCountry "GER"]
[PlyCount "82"]


1. Nf3 Nf6 2. c4 g6 3. Nc3 Bg7 4. d4 d6 5. e4 O-O 6. Be2 e5 7. dxe5 dxe5 8. Qxd8
Rxd8 9. Bg5 Re8 10. O-O-O c6 11. Nxe5 Nxe4 12. Nxe4 Bxe5 13. Nd6 Bxd6 14. Rxd6
Nd7 15. Rd2 Nc5 16. Rd8 Rxd8 17. Bxd8 Bf5 18. Rd1 Nd7 19. Ba5 Re8 20. Rd2 f6 21.
g4 Be6 22. f4 Kf7 23. b3 Nf8 24. Bc3 Bc8 25. g5 fxg5 26. fxg5 Bf5 27. c5 Be6 28.
Bd3 Bd5 29. Rf2+ Kg8 30. Bf6 Nd7 31. Bd4 Nf8 32. Bf6 Ne6 33. b4 a6 34. a3 Nc7
35. Re2 Rxe2 36. Bxe2 Kf7 37. Kd2 Be6 38. Bf3 Nd5 39. Bxd5 Bxd5 40. Ke3 Ke6 41.
Kd4 Bf3 1/2-1/2